[Event "WchT Students 19th final A"]
[Site "Graz"]
[Date "1972.07.25"]
[Round "5.1"]
[White "Balashov, Yuri S"]
[Black "Fedder, Steen"]
[Result "1-0"]
[WhiteElo "2560"]
[BlackElo "2370"]
[PlyCount "89"]
[EventDate "1972.07.21"]
[EventType "team-tourn"]
[EventRounds "9"]
[EventCountry "AUT"]
[SourceTitle "MCD"]
[Source "ChessBase"]
[SourceDate "1999.07.01"]
[SourceVersion "1"]
[SourceVersionDate "1999.07.01"]
[SourceQuality "1"]
[WhiteTeam "Soviet Union"]
[BlackTeam "Denmark"]
[WhiteTeamCountry "URS"]
[BlackTeamCountry "DEN"]

1. d4 Nf6 2. c4 c5 3. d5 a6 4. Nf3 d6 5. a4 e5 6. Nc3 Be7 7. e4 O-O 8. h3 Ne8
9. g4 g6 10. Bd3 Nd7 11. Qe2 Ndf6 12. Nd1 Bd7 13. Ne3 Ng7 14. Rg1 Kh8 15. Bd2
Qc7 16. a5 Rae8 17. Qf1 Bd8 18. Bc3 Bc8 19. O-O-O Ng8 20. h4 f5 21. gxf5 gxf5
22. exf5 Nxf5 23. Nxf5 Bxf5 24. Bxf5 Rxf5 25. Rg3 Qf7 26. Qg2 Bf6 27. Rg1 Ne7
28. Qh3 Rf8 29. Nd2 Rf4 30. Qd7 Ng6 31. Qxd6 Rd8 32. Qxc5 Nxh4 33. Qb6 Rc8 34.
Rg4 Ng6 35. Ne4 Rxg4 36. Rxg4 Bd8 37. Qd6 Qf5 38. f3 Be7 39. Qb6 Rf8 40. d6 Bd8
41. Qxb7 Qxf3 42. Bxe5+ Bf6 43. Bxf6+ Rxf6 44. d7 Rf8 45. Qd5 1-0

[Event "Interzonal-10b"]
[Site "Manila"]
[Date "1976.06.13"]
[Round "1"]
[White "Balashov, Yuri S"]
[Black "Biyiasas, Peter"]
[Result "1-0"]
[WhiteElo "2545"]
[BlackElo "2460"]
[PlyCount "53"]
[EventDate "1976.06.13"]
[EventType "tourn"]
[EventRounds "19"]
[EventCountry "PHI"]
[EventCategory "12"]
[SourceTitle "IZT"]
[Source "ChessBase"]
[SourceDate "1999.07.01"]
[SourceVersion "1"]
[SourceVersionDate "1999.07.01"]
[SourceQuality "1"]

1. e4 e5 2. Nf3 Nc6 3. Bb5 a6 4. Ba4 d6 5. c3 Nge7 6. d4 Bd7 7. Bb3 h6 8. Nbd2
Ng6 9. Nf1 Be7 10. Ne3 Nh4 11. O-O Nxf3+ 12. Qxf3 O-O 13. dxe5 dxe5 14. Rd1 Bg5
15. Nf5 Bxc1 16. Rxd7 Qxd7 17. Qg4 Qxf5 18. exf5 Bg5 19. h4 Be7 20. Rd1 Rad8
21. Rd5 Bf6 22. Rxd8 Rxd8 23. Qh5 Rd7 24. g4 e4 25. g5 Bd8 26. Qg4 Kf8 27. gxh6
1-0

[Event "Halle DSV International-02"]
[Site "Halle/Saale"]
[Date "1976.10.??"]
[Round "?"]
[White "Balashov, Yuri S"]
[Black "Boensch, Uwe"]
[Result "1-0"]
[WhiteElo "2545"]
[BlackElo "2365"]
[Annotator "Kharitonov,A"]
[PlyCount "115"]
[EventDate "1976.10.18"]
[EventType "tourn"]
[EventRounds "13"]
[EventCountry "DDR"]
[EventCategory "9"]
[SourceTitle "MCL"]
[Source "ChessBase"]
[SourceDate "1999.07.01"]
[SourceVersion "1"]
[SourceVersionDate "1999.07.01"]
[SourceQuality "1"]

1. d4 Nf6 2. Nf3 d6 3. c4 g6 4. Nc3 Bg7 5. e4 O-O 6. Be2 Nbd7 7. O-O e5 8. Be3
c6 (8... Ng4 9. Bg5 f6 10. Bc1 Nh6 11. Qc2 Nf7 12. Be3 Bh6 $6 (12... c6 13.
Rad1 Qc7 14. c5 $5 dxc5 15. dxc5 Re8 16. b4 $14 {Kharitonov,A-Avshalumov,A/URS/
1986/1:0/32/}) 13. Bxh6 Nxh6 14. Rad1 Nf7 15. b4 $16 {Kharitonov,A-Ragozin,E/
URS/1986/1/2-1/2/39/}) 9. Qc2 exd4 $6 (9... Qe7 10. Rad1 $14) (9... Ng4 10. Bg5
f6 11. Bd2 f5 12. exf5 gxf5 13. dxe5 dxe5 14. Ng5 Ndf6 15. Kh1 Qe8 16. f3 Nh6
17. Rae1 $14 {Uhlmann,W-Knaak,R/DDR-ch/1986/1:0/34/}) 10. Bxd4 $1 (10. Nxd4 Re8
11. Rad1 Qe7 $13) 10... Re8 (10... Qe7 11. Rfe1 a6 12. Rad1 b5 13. b4 $1 Bb7
14. Bf1 Rfd8 15. a3 Ne5 $2 16. Nxe5 dxe5 17. Bc5 Qe8 18. a4 bxc4 19. a5 $1 $16
{Uhlmann,W-Portish,L/JUG/1968/1:0/25/}) 11. Rad1 Qe7 12. Rfe1 $1 Nc5 (12...
Nxe4 $2 13. Bxg7 Kxg7 14. Nxe4 Qxe4 15. Bd3 $18) (12... Ne5 13. h3 Bh6 14. b4
$1 b6 15. c5 $1 $14 {Tal,M-Dvorietsky,M/URS-ch Leningrad/1974/1:0/37/}) 13. h3
$5 (13. b4 $1 {Tal/} Ne6 14. Be3 Ng4 $13 {Tal/}) 13... Qf8 (13... Nfxe4 $2 14.
Bxg7 Kxg7 15. b4 $1 Na6 16. Nxe4 Qxe4 17. Bd3 $18) 14. Bf1 a5 15. b3 Be6 (15...
Bd7 16. Bxc5 $5 dxc5 17. e5 Bf5 18. Bd3 Bxd3 19. Rxd3 $16) 16. Ng5 Bc8 17. Nf3
(17. f4 $6 Nh5 $1 18. Bxg7 Qxg7 $13) 17... Be6 18. a3 $16 Bc8 (18... Ncd7 19.
Ng5) 19. g3 (19. b4 $5 axb4 20. axb4 Ne6 21. Be3 $16) 19... Ne6 20. Be3 Nd7 21.
Bg2 Nec5 22. Nd4 Qe7 23. f4 $1 Nf6 24. Bf2 Qc7 $6 (24... h5 $5) (24... Nfd7 25.
Re2 {/\Red2+/-/}) 25. Ndb5 $5 cxb5 26. Nxb5 Qe7 $8 27. Nxd6 Na6 (27... Ne6 28.
e5 Nd7 29. Nxe8 Qxe8 30. c5 $16) (27... Ncd7 28. e5 Nh5 29. Nxe8 Qxe8 30. c5
$16) 28. e5 Nh5 (28... Nd7 29. Nxe8 Qxe8 30. c5 (30. e6 $6 fxe6 31. Rxe6 Qxe6
32. Bd5 Nf6 33. Bxe6+ Bxe6 $132)) 29. Qd2 Bf8 30. Nxe8 Qxe8 31. g4 $6 (31. Qxa5
$142) 31... Ng7 32. Qxa5 h5 $1 $132 33. Qd8 $1 Qe7 (33... Bxa3 34. Qxe8+ Nxe8
35. Rd8 Kf8 (35... Nac7 36. Ra1 $1) 36. Rxc8 Rxc8 37. Bxb7 $18) 34. b4 hxg4 35.
hxg4 Nc7 36. Qxe7 (36. Bc5 Qxd8 37. Rxd8 Nce6) 36... Bxe7 37. Rd3 Bxg4 (37...
Rb8 38. Bf3 Nce6 39. Be3 $18) 38. Bxb7 Rb8 39. Bc6 Bf5 40. Be4 Nce6 (40... Be6
$5 41. c5 Nf5 42. Rb1 $16) 41. Bg3 Nh5 (41... Bg4 $5) 42. Bxf5 gxf5 43. Rf1 Bf8
44. Rf2 Bh6 45. Kf1 Bxf4 (45... Nhxf4 $5 46. Bxf4 Bxf4 47. c5 $16) 46. Bxf4
Nhxf4 $2 (46... Nexf4 $1 47. Rdf3 Ne6 $16) 47. Rg3+ $1 Kf8 48. Rgf3 Nh5 (48...
Ng6 49. Rxf5 $18) 49. Rh2 Neg7 $8 50. Rfh3 Ra8 51. c5 Ke7 52. Rxh5 Nxh5 53.
Rxh5 Rxa3 54. c6 Kd8 (54... Rc3 55. b5 Rc5 56. Rh8 $1) 55. Rxf5 Rc3 56. b5 Rc5
57. Rxf7 Rxb5 58. c7+ (58. c7+ Kc8 59. e6 Re5 60. e7 Kd7 61. Rf8 $18) 1-0

[Event "Halle DSV International-02"]
[Site "Halle/Saale"]
[Date "1976.10.??"]
[Round "?"]
[White "Balashov, Yuri S"]
[Black "Spiridonov, Nikola"]
[Result "1-0"]
[WhiteElo "2545"]
[BlackElo "2490"]
[PlyCount "67"]
[EventDate "1976.10.18"]
[EventType "tourn"]
[EventRounds "13"]
[EventCountry "DDR"]
[EventCategory "9"]
[SourceTitle "MCL"]
[Source "ChessBase"]
[SourceDate "1999.07.01"]
[SourceVersion "1"]
[SourceVersionDate "1999.07.01"]
[SourceQuality "1"]

1. e4 c5 2. Nf3 Nc6 3. d4 cxd4 4. Nxd4 Nf6 5. Nc3 g6 6. Be2 Bg7 7. Nb3 O-O 8.
O-O a5 9. a4 Nb4 10. Bg5 d6 11. Bf3 Qc7 12. Nd4 Bd7 13. Qd2 Rac8 14. Rad1 Qb8
15. Rfe1 Rfe8 16. h3 Bc6 17. Ncb5 Bd7 18. Nc3 Bc6 19. Re2 h5 20. Bh6 Kh7 21.
Bxg7 Kxg7 22. Qg5 Bd7 23. Qxa5 Nc6 24. Nxc6 Bxc6 25. Qg5 e5 26. Red2 Red8 27.
Qe3 b6 28. Be2 Qc7 29. Nb5 Bxb5 30. Bxb5 Kf8 31. c3 Ke7 32. Qg5 Qb7 33. Rxd6
Rxd6 34. Rxd6 1-0

[Event "Halle DSV International-02"]
[Site "Halle/Saale"]
[Date "1976.10.??"]
[Round "?"]
[White "Espig, Lutz"]
[Black "Balashov, Yuri S"]
[Result "0-1"]
[WhiteElo "2480"]
[BlackElo "2545"]
[PlyCount "80"]
[EventDate "1976.10.18"]
[EventType "tourn"]
[EventRounds "13"]
[EventCountry "DDR"]
[EventCategory "9"]
[SourceTitle "MCL"]
[Source "ChessBase"]
[SourceDate "1999.07.01"]
[SourceVersion "1"]
[SourceVersionDate "1999.07.01"]
[SourceQuality "1"]

1. Nf3 Nf6 2. c4 b6 3. g3 Bb7 4. Bg2 e6 5. O-O Be7 6. b3 O-O 7. Bb2 d5 8. e3 c5
9. Nc3 dxc4 10. bxc4 Nc6 11. Qe2 Rc8 12. Rfd1 Qc7 13. d3 a6 14. Rab1 Ba8 15.
Ba1 Rfd8 16. a3 Rb8 17. Nd2 Qd7 18. Nde4 Ne8 19. f4 Na5 20. Qh5 Bf8 21. g4 b5
22. cxb5 axb5 23. Rxb5 Rxb5 24. Nxb5 Bxe4 25. Bxe4 g6 26. Qg5 Be7 27. Qe5 Bf6
28. Qxf6 Nxf6 29. Bxf6 Re8 30. Nc3 Nb7 31. Rb1 Nd6 32. Bf3 Qc7 33. Be5 Rb8 34.
Ra1 Qd8 35. g5 Nf5 36. Ne4 Qxd3 37. Nf6+ Kf8 38. Nxh7+ Ke7 39. Kg2 Rb3 40. Bf6+
Kd7 0-1

[Event "LTU-ch"]
[Site "Klaipeda"]
[Date "1977.??.??"]
[Round "?"]
[White "Balashov, Yuri S"]
[Black "Donchenko, Anatoly G"]
[Result "1-0"]
[WhiteElo "2565"]
[BlackElo "2395"]
[PlyCount "89"]
[EventDate "1977.??.??"]
[EventType "tourn"]
[EventRounds "9"]
[EventCountry "URS"]
[SourceTitle "EXT 2002"]
[Source "ChessBase"]
[SourceDate "2001.11.25"]
[SourceVersion "1"]
[SourceVersionDate "2001.11.25"]
[SourceQuality "1"]

1. e4 d6 2. d4 Nf6 3. Nc3 g6 4. Be3 c6 5. Qd2 Nbd7 6. Nf3 e5 7. O-O-O Ng4 8.
Bg5 Be7 9. Bc4 O-O 10. h3 Bxg5 11. Nxg5 Ngf6 12. f4 Qe7 13. fxe5 dxe5 14. d5
Kg7 15. dxc6 bxc6 16. Qd6 Qxd6 17. Rxd6 Ne8 18. Rd2 h6 19. Nf3 Nef6 20. Rf1 Nb6
21. Nxe5 Nxc4 22. Nxc4 Ba6 23. Rd6 Nxe4 24. Rxc6 Ng3 25. Rf2 Bc8 26. Rc7 Be6
27. Nd6 a6 28. b3 h5 29. Nce4 Nxe4 30. Nxe4 Rac8 31. Ra7 Ra8 32. Rxa8 Rxa8 33.
Nc5 Bd5 34. c4 Bc6 35. b4 h4 36. a4 f5 37. b5 axb5 38. cxb5 Be8 39. Kb2 Rb8 40.
Kc3 Kf6 41. Re2 Bxb5 42. Rb2 Bc6 43. Rxb8 Bxg2 44. Rb6+ Kf7 45. Ne6 1-0

[Event "Lone Pine op Louis D. Statham Masters"]
[Site "Lone Pine"]
[Date "1977.03.20"]
[Round "1"]
[White "Regan, Kenneth"]
[Black "Balashov, Yuri S"]
[Result "0-1"]
[WhiteElo "2375"]
[BlackElo "2565"]
[PlyCount "120"]
[EventDate "1977.03.20"]
[EventType "swiss"]
[EventRounds "9"]
[EventCountry "USA"]
[SourceTitle "MCD"]
[Source "ChessBase"]
[SourceDate "1999.07.01"]
[SourceVersion "1"]
[SourceVersionDate "1999.07.01"]
[SourceQuality "1"]

1. e4 e5 2. Nf3 Nc6 3. c3 Nf6 4. d4 Nxe4 5. d5 Nb8 6. Bd3 Nc5 7. Nxe5 Nxd3+ 8.
Nxd3 Be7 9. O-O O-O 10. Re1 d6 11. Qe2 Bf6 12. Nd2 Bf5 13. Ne4 Nd7 14. Qf3 Bg6
15. c4 Re8 16. Bd2 Bd4 17. Bg5 f6 18. Bh4 Ne5 19. Nxe5 Rxe5 20. Bg3 Re7 21. Nc3
Qd7 22. Re2 Rae8 23. Rae1 Rxe2 24. Rxe2 Rxe2 25. Nxe2 Qe8 26. h3 Bxb2 27. Nf4
Qe4 28. Qb3 Qb1+ 29. Kh2 Be5 30. Qa4 Bxf4 31. Bxf4 Qe4 32. Bg3 h5 33. f3 Qd4
34. Kh1 Kh7 35. Bh2 a6 36. Bg1 Qc3 37. Qb3 Qxb3 38. axb3 a5 39. Ba7 Bc2 40. Bb8
Bxb3 41. Bxc7 a4 42. Bxd6 Bxc4 43. Kg1 Bxd5 44. Kf2 h4 45. Ke3 Bc4 46. Bb4 Kg6
47. Kf4 Bf1 48. g3 hxg3 49. Kxg3 Kf5 50. h4 Ke5 51. Kf2 Bd3 52. Ke3 Bf5 53. h5
Bd7 54. f4+ Kf5 55. Bf8 Ke6 56. Kd2 Kf7 57. h6 gxh6 58. Bxh6 a3 59. Kc3 Be6 60.
f5 Bxf5 0-1

[Event "Lone Pine op Louis D. Statham Masters"]
[Site "Lone Pine"]
[Date "1977.03.26"]
[Round "6"]
[White "Balashov, Yuri S"]
[Black "Biyiasas, Peter"]
[Result "1-0"]
[WhiteElo "2565"]
[BlackElo "2435"]
[PlyCount "95"]
[EventDate "1977.03.20"]
[EventType "swiss"]
[EventRounds "9"]
[EventCountry "USA"]
[SourceTitle "MCD"]
[Source "ChessBase"]
[SourceDate "1999.07.01"]
[SourceVersion "1"]
[SourceVersionDate "1999.07.01"]
[SourceQuality "1"]

1. e4 e5 2. Nf3 Nc6 3. Bb5 a6 4. Ba4 Nf6 5. O-O Be7 6. Re1 d6 7. c3 O-O 8. h3
Bd7 9. d4 Re8 10. Nbd2 Bf8 11. a3 g6 12. Bc2 Bh6 13. Nf1 Bxc1 14. Rxc1 Kg7 15.
Ng3 Ng8 16. b4 Qe7 17. Bb3 Rf8 18. c4 Rae8 19. d5 Nd8 20. c5 f5 21. cxd6 cxd6
22. exf5 Bxf5 23. Re3 Qf6 24. Bc2 Kh8 25. Be4 Re7 26. Rec3 Nf7 27. Qd2 Rfe8 28.
Rc7 Ngh6 29. Qe3 Kg7 30. Qb6 Rxc7 31. Rxc7 Bc8 32. Qe3 Kf8 33. Qc1 Qd8 34. a4
Ng8 35. b5 axb5 36. axb5 Nf6 37. h4 Nd7 38. h5 Kg7 39. b6 Nc5 40. Rxf7+ Kxf7
41. Qh6 Rg8 42. Qxh7+ Kf8 43. Qh6+ Rg7 44. Qh8+ Rg8 45. Qh6+ Rg7 46. hxg6 Nxe4
47. Nxe4 Kg8 48. Nfg5 1-0

[Event "Bugojno"]
[Site "Bugojno"]
[Date "1978.03.11"]
[Round "12"]
[White "Balashov, Yuri S"]
[Black "Vukic, Milan"]
[Result "1-0"]
[WhiteElo "2590"]
[BlackElo "2480"]
[Annotator "Bulletin"]
[PlyCount "93"]
[EventDate "1978.02.27"]
[EventType "tourn"]
[EventRounds "15"]
[EventCountry "YUG"]
[EventCategory "14"]
[SourceTitle "MCL"]
[Source "ChessBase"]
[SourceDate "1999.07.01"]
[SourceVersion "1"]
[SourceVersionDate "1999.07.01"]
[SourceQuality "1"]

1. d4 Nf6 2. Nf3 g6 3. Bg5 Bg7 4. Nbd2 d6 5. e4 O-O (5... Nbd7 6. c3 h6 7. Bh4
g5 8. Bg3 Nh5 9. Bc4 e6 $1 10. Qe2 a6 11. a4 b6 12. Nf1 Bb7 13. N3d2 Nf4 14.
Qf3 Ng6 $17 {Simic-Ciocaltea, Smederevska Palanka 1977}) 6. c3 Nbd7 7. Be2 h6
8. Bh4 e5 9. O-O Re8 10. Qc2 g5 11. Bg3 Nh5 12. Nc4 Nf4 13. dxe5 Nxe5 (13...
dxe5 14. Rad1 {/\Ne3+/=}) 14. Nfxe5 Bxe5 15. Rad1 Qe7 16. Ne3 Be6 (16... Nxe2+
17. Qxe2 Bxg3 18. Nd5 Qd8 19. fxg3 $1 $16) 17. Bg4 Bg7 18. f3 a5 19. Bf2 a4 20.
Nf5 Qf8 (20... Bxf5) 21. g3 Ng6 22. Nxg7 Qxg7 23. Bd4 f6 (23... Ne5) 24. Bxe6+
Rxe6 25. c4 $16 Nf8 26. c5 dxc5 27. Qxc5 b6 28. Qc4 Qf7 29. Bc3 c6 30. Rd2 Nd7
31. Qd4 Ra7 32. Rfd1 Qe7 33. Kg2 Qf7 34. Qb4 Kg7 35. Rd6 Rxd6 36. Qxd6 Qc4 37.
Rd2 Kf7 38. e5 $1 g4 (38... Nxe5 39. Bxe5 fxe5 40. Qxh6 $18) 39. exf6 gxf3+ 40.
Kxf3 Nf8 41. Re2 Ne6 42. Qe5 Qd5+ 43. Qxd5 cxd5 44. Rd2 Rd7 45. Ke3 Nc5 46. Rd4
h5 47. Rh4 1-0

[Event "EU-Cup 02nd quarterfinal"]
[Site "Moscow"]
[Date "1979.??.??"]
[Round "3.1"]
[White "Balashov, Yuri S"]
[Black "Matulovic, Milan"]
[Result "1-0"]
[WhiteElo "2600"]
[BlackElo "2510"]
[PlyCount "63"]
[EventDate "1979.??.??"]
[EventType "team-match"]
[EventRounds "2"]
[EventCountry "URS"]
[SourceTitle "EXT 2020"]
[Source "ChessBase"]
[SourceDate "2019.10.17"]
[SourceVersion "1"]
[SourceVersionDate "2019.10.17"]
[SourceQuality "1"]
[WhiteTeam "Burevestnik"]
[BlackTeam "Belgrade Partizan"]
[WhiteTeamCountry "URS"]
[BlackTeamCountry "YUG"]

1. d4 d5 2. Nf3 Nf6 3. c4 dxc4 4. Nc3 c6 5. a4 Bf5 6. e3 e6 7. Bxc4 Bb4 8. O-O
Nbd7 9. Qe2 Bg6 10. e4 Bxc3 11. bxc3 Nxe4 12. Ba3 Nb6 13. Bb3 Nxc3 14. Qb2 Ncd5
15. a5 Nd7 16. Bxd5 cxd5 17. Rfc1 f6 18. Qxb7 Rb8 19. Qxa7 Ra8 20. Qb7 Rb8 21.
Qc6 Kf7 22. Qd6 Rb7 23. Rc6 Re8 24. a6 Ra7 25. Rac1 Nb8 26. Rc7+ Rxc7 27. Rxc7+
Kg8 28. a7 Qxd6 29. Bxd6 Na6 30. Rc6 Bd3 31. Bb8 Kf7 32. a8=Q $18 {(...)} 1-0

[Event "(GER-ch) International05"]
[Site "Munich"]
[Date "1979.03.11"]
[Round "12"]
[White "Balashov, Yuri S"]
[Black "Dankert, Peter"]
[Result "1-0"]
[WhiteElo "2600"]
[BlackElo "2360"]
[PlyCount "111"]
[EventDate "1979.02.25"]
[EventType "tourn"]
[EventRounds "15"]
[EventCountry "GER"]
[EventCategory "10"]
[SourceTitle "MCD"]
[Source "ChessBase"]
[SourceDate "1999.07.01"]
[SourceVersion "1"]
[SourceVersionDate "1999.07.01"]
[SourceQuality "1"]

1. e4 Nf6 2. Nc3 d5 3. e5 Nfd7 4. f4 e6 5. Nf3 c5 6. d3 Nc6 7. g3 a6 8. a4 Be7
9. Bg2 Nb6 10. O-O g6 11. Bd2 Rb8 12. Kh1 Na8 13. Qe2 Nc7 14. Nd1 b6 15. Nf2 h5
16. Be3 a5 17. Rfd1 Kf8 18. c4 Kg7 19. Kg1 Nb4 20. h3 Bb7 21. Nh1 Qd7 22. g4
hxg4 23. hxg4 Rbg8 24. Ng3 Kf8 25. b3 d4 26. Bf2 Ke8 27. Ne4 Kd8 28. Rd2 Kc8
29. Bg3 Ne8 30. Re1 Kb8 31. Kf2 Ka7 32. Rh1 Rxh1 33. Bxh1 Rh8 34. Bg2 Bc6 35.
Ne1 Ka6 36. Bf3 Ka7 37. Rd1 Qd8 38. Ng2 Rh3 39. Nd2 Qa8 40. Bxc6 Qxc6 41. Nf3
Rh8 42. Bh4 Bxh4+ 43. Ngxh4 Qb7 44. Kg3 Na6 45. Rh1 Nb4 46. Rh2 Nc6 47. Ng5 Qc7
48. Nhf3 Rxh2 49. Qxh2 Qe7 50. Qh7 Nd8 51. Nd2 Kb7 52. Nde4 Kc7 53. Qg8 Kb8 54.
Nd6 Nxd6 55. exd6 Qd7 56. Nxf7 1-0

[Event "(GER-ch) International05"]
[Site "Munich"]
[Date "1979.03.13"]
[Round "14"]
[White "Balashov, Yuri S"]
[Black "Pfleger, Helmut"]
[Result "1-0"]
[WhiteElo "2600"]
[BlackElo "2545"]
[PlyCount "49"]
[EventDate "1979.02.25"]
[EventType "tourn"]
[EventRounds "15"]
[EventCountry "GER"]
[EventCategory "10"]
[SourceTitle "MCD"]
[Source "ChessBase"]
[SourceDate "1999.07.01"]
[SourceVersion "1"]
[SourceVersionDate "1999.07.01"]
[SourceQuality "1"]

1. e4 d6 2. d4 Nf6 3. Nc3 g6 4. Be2 Bg7 5. h4 c5 6. dxc5 Qa5 7. Kf1 Qxc5 8. Be3
Qa5 9. h5 gxh5 10. Nh3 Bg4 11. Nf4 Bxe2+ 12. Qxe2 Nc6 13. Nxh5 Nxh5 14. Rxh5
Qc7 15. Nd5 Qd7 16. c3 e6 17. Bh6 f6 18. Qg4 exd5 19. Qxg7 O-O-O 20. Qxd7+ Rxd7
21. Rxd5 Re8 22. f3 Re5 23. Rad1 Rxd5 24. Rxd5 Ne7 25. Rh5 1-0

[Event "Karlovac"]
[Site "Karlovac"]
[Date "1979.06.20"]
[Round "5"]
[White "Balashov, Yuri S"]
[Black "Bellon Lopez, Juan Manuel"]
[Result "1-0"]
[WhiteElo "2408"]
[BlackElo "2324"]
[PlyCount "50"]
[EventDate "1979.06.16"]
[EventType "tourn"]
[EventRounds "13"]
[EventCountry "YUG"]
[EventCategory "8"]
[SourceTitle "EXT 2002"]
[Source "ChessBase"]
[SourceDate "2001.11.25"]
[SourceVersion "1"]
[SourceVersionDate "2001.11.25"]
[SourceQuality "1"]

1. e4 c6 2. d4 d5 3. e5 Bf5 4. Nc3 e6 5. g4 Bg6 6. Nge2 f6 7. Nf4 fxe5 8. Nxg6
hxg6 9. dxe5 Bc5 10. Bf4 Qb6 11. Qd2 Bxf2+ 12. Qxf2 Qxb2 13. Kd2 Qxa1 14. Bg5
Rh3 15. Nb5 Qxe5 16. Bf4 Qb2 17. Nc7+ Kd7 18. Bxh3 Qb4+ 19. Kc1 Na6 20. Nxa8
Qc3 21. g5 Qa3+ 22. Kd2 Qxh3 23. Bg3 Ne7 24. Rb1 b6 25. Nxb6+ Ke8 1-0

[Event "Karlovac"]
[Site "Karlovac"]
[Date "1979.06.23"]
[Round "7"]
[White "Balashov, Yuri S"]
[Black "Nemet, Ivan"]
[Result "1-0"]
[WhiteElo "2408"]
[BlackElo "2348"]
[PlyCount "77"]
[EventDate "1979.06.16"]
[EventType "tourn"]
[EventRounds "13"]
[EventCountry "YUG"]
[EventCategory "8"]
[SourceTitle "EXT 2002"]
[Source "ChessBase"]
[SourceDate "2001.11.25"]
[SourceVersion "1"]
[SourceVersionDate "2001.11.25"]
[SourceQuality "1"]

1. e4 c5 2. Nf3 d6 3. d4 cxd4 4. Nxd4 Nf6 5. Nc3 a6 6. Be2 e6 7. O-O Be7 8. f4
O-O 9. Kh1 Nc6 10. Be3 Bd7 11. a4 Nxd4 12. Bxd4 Bc6 13. Bd3 g6 14. a5 d5 15. e5
Nd7 16. Qg4 Bc5 17. Ne2 Re8 18. c3 Bf8 19. b4 f5 20. Qh3 Bg7 21. g4 fxg4 22.
Qxg4 Nf8 23. Ng3 Qd7 24. Rg1 Rac8 25. Ra2 Re7 26. Rag2 Rc7 27. h4 Bb5 28. Bb1
Qc8 29. h5 Be8 30. f5 exf5 31. Nxf5 gxf5 32. Bxf5 Ne6 33. h6 Bg6 34. Bxg6 hxg6
35. Qxg6 Nf4 36. Qxg7+ Rxg7 37. Rxg7+ Rxg7 38. Rxg7+ Kh8 39. e6 1-0

[Event "Karlovac"]
[Site "Karlovac"]
[Date "1979.06.26"]
[Round "10"]
[White "Balashov, Yuri S"]
[Black "Diesen, Mark C"]
[Result "1-0"]
[WhiteElo "2408"]
[BlackElo "2409"]
[PlyCount "86"]
[EventDate "1979.06.16"]
[EventType "tourn"]
[EventRounds "13"]
[EventCountry "YUG"]
[EventCategory "8"]
[SourceTitle "EXT 2002"]
[Source "ChessBase"]
[SourceDate "2001.11.25"]
[SourceVersion "1"]
[SourceVersionDate "2001.11.25"]
[SourceQuality "1"]

1. e4 d6 2. d4 Nf6 3. Nc3 g6 4. f4 Bg7 5. Nf3 c5 6. dxc5 Qa5 7. Bd3 Qxc5 8. Qe2
Bg4 9. Be3 Qa5 10. O-O Nc6 11. h3 Bxf3 12. Qxf3 O-O 13. a3 Nd7 14. Bd2 Qb6+ 15.
Kh1 Nc5 16. Rab1 Nxd3 17. cxd3 f5 18. Nd5 Qd8 19. exf5 gxf5 20. Bc3 e6 21. Nb4
Rc8 22. Rbc1 Qd7 23. Bxg7 Kxg7 24. Qe3 Kf7 25. Nc2 Rg8 26. Nd4 Nxd4 27. Qxd4 b6
28. Rxc8 Rxc8 29. Re1 Qc6 30. Qe3 Qd5 31. Qe2 Kf6 32. Qh5 Rg8 33. Qh6+ Kf7 34.
Re2 Rg7 35. Rc2 Qb7 36. Qh5+ Kf8 37. Qh4 Re7 38. Qf6+ Kg8 39. Re2 Qd7 40. Re3
e5 41. Rg3+ Rg7 42. Rxg7+ Qxg7 43. Qxd6 exf4 1-0

[Event "Karlovac"]
[Site "Karlovac"]
[Date "1979.06.27"]
[Round "11"]
[White "Hulak, Krunoslav"]
[Black "Balashov, Yuri S"]
[Result "0-1"]
[WhiteElo "2453"]
[BlackElo "2408"]
[PlyCount "56"]
[EventDate "1979.06.16"]
[EventType "tourn"]
[EventRounds "13"]
[EventCountry "YUG"]
[EventCategory "8"]
[SourceTitle "EXT 2002"]
[Source "ChessBase"]
[SourceDate "2001.11.25"]
[SourceVersion "1"]
[SourceVersionDate "2001.11.25"]
[SourceQuality "1"]

1. e4 c5 2. Nf3 e6 3. d4 cxd4 4. Nxd4 Nf6 5. Nc3 d6 6. f4 a6 7. Bd3 b5 8. e5
dxe5 9. fxe5 Nd5 10. Qg4 Nxc3 11. bxc3 Bb7 12. O-O Qd5 13. Rxf7 Kxf7 14. Be4
Qxe5 15. Nf3 Qc5+ 16. Kh1 Bxe4 17. Ng5+ Ke8 18. Qxe6+ Be7 19. Qf7+ Kd7 20. Qe6+
Kd8 21. Be3 Qd5 22. Bb6+ Ke8 23. Qc8+ Bd8 24. Re1 Nd7 25. Nxe4 Kf7 26. Nd6+
Qxd6 27. Qxa8 Nxb6 28. Rf1+ Kg8 0-1

[Event "Karlovac"]
[Site "Karlovac"]
[Date "1979.06.28"]
[Round "12"]
[White "Balashov, Yuri S"]
[Black "Bukal, Vladimir Sr"]
[Result "1-0"]
[WhiteElo "2408"]
[BlackElo "2403"]
[PlyCount "59"]
[EventDate "1979.06.16"]
[EventType "tourn"]
[EventRounds "13"]
[EventCountry "YUG"]
[EventCategory "8"]
[SourceTitle "EXT 2002"]
[Source "ChessBase"]
[SourceDate "2001.11.25"]
[SourceVersion "1"]
[SourceVersionDate "2001.11.25"]
[SourceQuality "1"]

1. e4 e6 2. d4 d5 3. Nd2 Nf6 4. Bd3 c5 5. e5 Nfd7 6. c3 Nc6 7. Ne2 a5 8. O-O
cxd4 9. cxd4 a4 10. Nf3 Nb6 11. Nc3 Nb4 12. Be2 Bd7 13. h4 Be7 14. h5 Nc4 15.
h6 g6 16. a3 Nc6 17. Bxc4 dxc4 18. Ne4 Na5 19. Bg5 Bc6 20. Bxe7 Qxe7 21. Nf6+
Kd8 22. d5 exd5 23. Nxd5 Bxd5 24. Qxd5+ Kc8 25. Rad1 Ra6 26. Qb5 g5 27. Rd6 Nc6
28. Rfd1 Rd8 29. Qc5 Rxd6 30. exd6 1-0

[Event "Mikenas Cup"]
[Site "Klaipeda"]
[Date "1980.??.??"]
[Round "?"]
[White "Tukmakov, Vladimir B"]
[Black "Balashov, Yuri S"]
[Result "0-1"]
[WhiteElo "2560"]
[BlackElo "2600"]
[PlyCount "62"]
[EventDate "1980.??.??"]
[EventType "tourn"]
[EventRounds "11"]
[EventCountry "URS"]
[SourceTitle "EXT 2002"]
[Source "ChessBase"]
[SourceDate "2001.11.25"]
[SourceVersion "1"]
[SourceVersionDate "2001.11.25"]
[SourceQuality "1"]

1. c4 Nf6 2. Nc3 e6 3. e4 c5 4. e5 Ng8 5. Nf3 Nc6 6. d4 cxd4 7. Nxd4 Nxe5 8.
Bf4 Qc7 9. Bg3 a6 10. Qa4 Nf6 11. O-O-O Nh5 12. Ndb5 Qb8 13. Bxe5 Qxe5 14. Ne4
Be7 15. Nbd6+ Kf8 16. g3 g5 17. Qb3 f5 18. Qc3 Qxc3+ 19. Nxc3 Bxd6 20. Rxd6 Ke7
21. Rb6 d6 22. Bg2 Nf6 23. Rd1 Rd8 24. Na4 Rb8 25. c5 dxc5 26. Nxc5 Rxd1+ 27.
Kxd1 a5 28. Ke2 e5 29. Bxb7 Ne4 30. Rc6 Bd7 31. Nxd7 Kxd7 0-1